000 01607 a2200289 4500
020 _a978-81-203-4006-0
020 _a978-81-203-4006-0
082 _a005.133
090 _c1459
_d1459
100 1 _aDeitel, Paul.
245 1 0 _aC :
_bhow to program /
_cPaul Deitel, Harvey M. Deitel.
250 _a6th ed.
260 _a[S.l.] :
_bPrentice Hall,
_c2010.
300 _a966 p. ;
_c23 cm.
490 1 _aEastern Economy Edition
700 _aDeitel,
830 _aEastern Economy Edition
942 _aSNS
_cBK
_k005.133 DIE
999 _c30070
_d30070